| 000 | 00498nam a2200181Ia 4500 | ||
|---|---|---|---|
| 999 |
_c21283 _d21283 |
||
| 003 | OSt | ||
| 005 | 20200706110627.0 | ||
| 008 | 190216s9999||||xx |||||||||||||| ||und|| | ||
| 020 | _a9780349104805 | ||
| 040 | _coclc | ||
| 082 |
_a940.28 _bHOB/A |
||
| 100 |
_aHobsbawm, E J _92591 |
||
| 245 | 4 |
_aThe Age Of Capital 1848-1875 / _cE J Hobsbawm |
|
| 260 |
_bAbacus, _aBritain: _c1975. |
||
| 300 | _a413p | ||
| 650 | _aHistory | ||
| 942 |
_cBK _2ddc _h940.28 _iHOB/A _k940.28 _mHOB/A |
||